| 000 | 00851nam a2200313Ia 4500 | ||
|---|---|---|---|
| 008 | 170203s9999 xx 000 0 und d | ||
| 020 | _a9781416908128 | ||
| 050 | _aFic | ||
| 050 | _bH518t | ||
| 100 | _aHenson, Heather. | ||
| 245 | _aThat book woman / | ||
| 245 | _cHeather Henson ; pictures by David Small. | ||
| 260 | _aNew York : | ||
| 260 | _bAtheneum Books for Young Readers, | ||
| 260 | _c©2008. | ||
| 300 | _a1 volume (unpaged) : | ||
| 300 | _bcolor illustrations ; | ||
| 300 | _c21 x 27 cm | ||
| 650 | _aBooks and reading -- | ||
| 650 | _aCourage -- | ||
| 650 | _aFamilies -- | ||
| 650 | _aLibrarians -- | ||
| 650 | _aPackhorse librarians -- | ||
| 650 | _xJuvenile fiction. | ||
| 650 | _xJuvenile fiction. | ||
| 650 | _xJuvenile fiction. | ||
| 650 | _xJuvenile fiction. | ||
| 650 | _xJuvenile fiction. | ||
| 999 |
_c306343 _d306343 |
||